000 00841nam a2200181Ia 4500
003 GCL
008 140319s9999 xx 000 0 ara d
040 _aGCL /
_cGCL
082 0 4 _a227
_bق ج
100 1 _aالقرطبى : شمس الدين ابوعبدالله محمد بن احمد بن ابى بكر بن فرح الخزرجى الاندلسى
245 1 0 _aالجامع لاحكام القران /
_cالقرطبى : شمس الدين ابوعبدالله محمد بن احمد بن ابى بكر بن فرح الخزرجى الاندلسى
260 _aالقاهرة :
_bالهيئة المصرية العامة للكتاب ،
_c1987
300 _a20 جزء فى 10 مج ؛
_c24 سم
650 0 4 _aالقران - اسباب النزول
650 0 4 _aالقران
650 0 4 _aالقران - تفاسير
942 _2ddc
_cBK
999 _c37339
_d37339